Cricket: Leading South African Test Batsmen A-Z - Statistics

General Stats
  • This quiz has been taken 215 times
  • The average score is 8 of 23
Answer Stats
letter runs player % Correct
K 13,206 Jacques Kallis
95%
D 8074 AB de Villiers
91%
S 9253 Graeme Smith
91%
A 8578 Hashim Amla
90%
G 6167 Herschelle Gibbs
72%
P 3781 Shaun Pollock
72%
B 5498 Mark Boucher
62%
C 4554 Daryll Cullinan
56%
E 2623 Dean Elgar
42%
R 2622 Jacques Rudolph
20%
H 2007 Andrew Hudson
18%
N 2960 Dudley Nourse
10%
F 1754 Aubrey Faulkner
9%
W 2405 John Waite
9%
T 2936 Herbie Taylor
8%
M 3471 Bruce Mitchell
7%
Q 90 Neville Quinn
7%
L 1130 Denis Lindsay
5%
I 353 Lee Irvine
5%
Z 985 Billy Zulch
4%
J 10 Clement Johnson
3%
V 1365 Ken Viljoen
2%
O 297 Sid O'Linn
1%
No matching quizzes found
Score Distribution
Percent of People with Each Score
Percentile by Number Answered
Your Score History
You have not taken this quiz